000 00357cam a2200157ua 4500
003 OSt
008 250823b |||||||| |||| 00| 0 eng d
041 _aeng
082 _a628.53
_bKUD/AI
100 _aKudesia, V.P .
_97780
245 _aAir pollution /
250 _a2 /
260 _a :
_bPragati Prakashan ,
_c1990.
300 _a671 ; .
942 _cBK
999 _c2428
_d2428